| 000 | 00723aas a2200193 4500 | ||
|---|---|---|---|
| 999 |
_c53665 _d53665 |
||
| 001 | 768714001 | ||
| 003 | CO-MdFUSB | ||
| 005 | 20171107085358.0 | ||
| 008 | 170727s xxu||||| |||| 00| 0 eng d | ||
| 022 | _a0098-9444 | ||
| 040 |
_aCO-MdFUSB _bspa _cCO-MdFUSB _dCO-MdFUSB |
||
| 041 | _aspa | ||
| 242 |
_aEste hombre es un arqueólogo bíblico? : _bBAR Entrevista a William Dever (primera parte) |
||
| 245 | 1 | 0 |
_aIs this man a biblical archaeologist? : _bBAR Interviews William Dever (Part One) |
| 300 |
_aVolumen 22. Número 4 (1996), páginas 30-39 _c: 28 cm. |
||
| 546 | _aTexto en inglés | ||
| 773 | 0 |
_tBiblical Archaeology Review _049395 _959494 _gVolumen 22. Número 4 (1996), páginas 30-39 _qPágina 30 |
|
| 942 | _cANA | ||